00630nam a2200169 i 450000100060000000300090000600500170001500700030003200800410003510000440007624501520012026000790027230000210035165100400037271000240041285200240043623208ES-MaACL20260209164514.0t|021209s1891 sp ||||1| spa d1 aAlzola y Minondo, Pablo de, d1841-191210aÁfrica, su reparto y colonización b: conferencia pronunciada en la Sociedad "El Sitio", el 6 de octubre de 1891 / cPablo de Alzola y Minondo. aBilbao : b[Sociedad El Sitio], c1891 (fImp. de la Casa de Misericordia) a96 p. ; c19 cm. 7aÁfrica-xColonización-yS.XIX22 aSociedad "El Sitio" aES-MaACLjT-576-F-6